Arrowhawk / (Record no. 12838)
[ view plain ]
| 000 -LEADER | |
|---|---|
| fixed length control field | 00591nam a2200193 a 4500 |
| 005 - DATE AND TIME OF LATEST TRANSACTION | |
| control field | 20140310182410.0 |
| 008 - FIXED-LENGTH DATA ELEMENTS--GENERAL INFORMATION | |
| fixed length control field | 130829s19uu xx 00 eng d |
| 020 ## - INTERNATIONAL STANDARD BOOK NUMBER | |
| International Standard Book Number | 9780805063714 |
| 100 ## - MAIN ENTRY--PERSONAL NAME | |
| Personal name | Lola M Schaefer; |
| 245 ## - TITLE STATEMENT | |
| Title | Arrowhawk / |
| Statement of responsibility, etc | Lola M. Schaefer. |
| 260 ## - PUBLICATION, DISTRIBUTION, ETC. (IMPRINT) | |
| Place of publication, distribution, etc | New York : |
| Name of publisher, distributor, etc | H. Holt, |
| Date of publication, distribution, etc | 2004. |
| 300 ## - PHYSICAL DESCRIPTION | |
| Extent | 2004 |
| 520 ## - SUMMARY, ETC. | |
| Summary, etc | Based on the true story of a bird of prey's survival after being struck by a poacher's arrow. |
| 650 ## - SUBJECT ADDED ENTRY--TOPICAL TERM | |
| Topical term or geographic name as entry element | Hawks -- Juvenile fiction. |
| 650 ## - SUBJECT ADDED ENTRY--TOPICAL TERM | |
| Topical term or geographic name as entry element | Hawks -- Fiction. |
| 650 ## - SUBJECT ADDED ENTRY--TOPICAL TERM | |
| Topical term or geographic name as entry element | Poaching -- Fiction. |
| 700 ## - ADDED ENTRY--PERSONAL NAME | |
| Personal name | Gabi Swiatkowska |
| 942 ## - ADDED ENTRY ELEMENTS (KOHA) | |
| Koha item type | Books |
| Withdrawn status | Lost status | Source of classification or shelving scheme | Damaged status | Home library | Current library | Shelving location | Date acquired | Total Checkouts | Full call number | Barcode | Date last seen | Date checked out | Copy number | Price effective from | Koha item type |
|---|---|---|---|---|---|---|---|---|---|---|---|---|---|---|---|
| Library of Congress Classification | Luxembourg Library | Luxembourg Library | Kids Fiction Section | 08/29/2013 | 2 | PZ 10.3 .Sch29Ar 2004 | 19576 | 06/16/2015 | 08/12/2014 | 1 | 10/10/2013 | Books |